| 000 | 01007nam a22002537a 4500 | ||
|---|---|---|---|
| 005 | 20240530110345.0 | ||
| 008 | 141203s2009 ua g b 000 0 ara d | ||
| 017 |
_a17078/2009 _bمصر . دار الكتب المصرية |
||
| 020 | _a9772273993 | ||
| 040 | _aEG-CaGPL | ||
| 041 | 0 | _aara | |
| 082 | 0 | 4 |
_221 _a364.168\ _bع إ |
| 100 | 0 | _aعادل عبدالصادق | |
| 245 | 1 | 2 |
_aالارهاب الاليكترونى القوة فى العلاقات الدولية : _bنمط جديد وتحديات مختلفة / _cعادل عبدالصادق |
| 250 | _aط 1 | ||
| 260 |
_aالقاهرة : _bمركز الدراسات السياسية والاستراتيجية ، _c2009 |
||
| 300 |
_a443 ص ؛ _c24 سم |
||
| 504 | _aببليوجرافية : ص 413 - 443 | ||
| 650 | 0 | 4 | _aالارهاب الالكترونى |
| 650 | 0 | 4 | _aالجريمة الالكترونية |
| 650 | 0 | 4 | _aالقانون الدولى الانسانى |
| 942 |
_2ddc _cBK |
||
| 999 |
_c59960 _d59960 |
||